000 00599nam a2200193 a 4500
001 BRCA_1819
005 20190320203550.0
008 200508s1984----sp-a---###---#000-0#spa-#
050 4 _aML315
_b.S67 1984
100 1 _aSopeña, Federico
_95662
245 1 0 _aLas reinas de España y la música
_cFederico Sopeña.
260 _aEspaña
_bBanco de Bilbao
_c1984
300 _a134 p.
_bil. (algunas a color)
_c32 cm.
500 _aColección Sonia Corcuera de Mancera
650 1 4 _aMúsica
_xHistoria
_zEspaña
_95663
650 1 4 _aMonarquía española
_xHistoria
_95664
902 _aDSC
942 _2lcc
_cB
999 _c1600
_d1600